Ricostruisci la Carriera del Calciatore - Mario Götze - Statistics

Statistiche generali
  • Questo quiz è stato fatto 8 volte
  • Il punteggio medio è 3 su 5
Statistiche sulle risposte
Hint Risposta % Corretto
2013-2016 Bayern Monaco
86%
2009-2013 Borussia Dortmund
86%
2022- Eintracht Francoforte
86%
2020-2022 PSV
43%
2016-2020 Borussia Dortmund
29%
Nessun quiz corrispondente trovato
Distribuzione punteggi
Percentuale di utenti per punteggio
Percentile per numero di risposta
I tuoi punteggi nel tempo
Non hai fatto questo quiz